IFM Opac

Principles of risk Management and Insurance (Record no. 12397)

MARC details
000 -LEADER
fixed length control field 00431nam a2200157 4500
020 ## - INTERNATIONAL STANDARD BOOK NUMBER
International Standard Book Number 9780137029136
082 ## - DEWEY DECIMAL CLASSIFICATION NUMBER
Classification number 368 REJ
100 ## - MAIN ENTRY--PERSONAL NAME
Personal name Rejda George E.
245 ## - TITLE STATEMENT
Title Principles of risk Management and Insurance
250 ## - EDITION STATEMENT
Edition statement 11th ed.
260 ## - PUBLICATION, DISTRIBUTION, ETC.
Place of publication, distribution, etc. New jersey
Name of publisher, distributor, etc. Pearson Publisher
Date of publication, distribution, etc. 2011
300 ## - PHYSICAL DESCRIPTION
Extent xvi, 731p.
Other physical details ill. ;26cm.
505 ## - FORMATTED CONTENTS NOTE
Formatted contents note include appendix, glossary and index
650 ## - SUBJECT ADDED ENTRY--TOPICAL TERM
Topical term or geographic name entry element Management and Insurance
942 ## - ADDED ENTRY ELEMENTS (KOHA)
Koha item type Books
Holdings
Withdrawn status Lost status Source of classification or shelving scheme Damaged status Not for loan Home library Current library Shelving location Date acquired Full call number Barcode Date last seen Price effective from Koha item type Total Checkouts Collection code Source of acquisition
    Dewey Decimal Classification     IFM Main Campus Library IFM Main Campus Library   07/24/2015 368 REJ 0000029599 07/24/2015 02/19/2022 Books      
          IFM Main Campus Library IFM Main Campus Library   07/25/2018 368 REJ   07/25/2018 02/19/2022 Books      
    Dewey Decimal Classification     IFM Main Campus Library IFM Main Campus Library   07/25/2018 368 REJ   08/22/2025 02/19/2022 Books      
    Dewey Decimal Classification     IFM Main Campus Library IFM Main Campus Library   07/25/2018 368 REJ   08/22/2025 02/19/2022 Books      
    Dewey Decimal Classification     IFM Main Campus Library IFM Main Campus Library Work Room processing 07/25/2018 368 REJ 0000030244 08/22/2025 02/19/2022 Books   Non-fiction Donation
    Dewey Decimal Classification     IFM Main Campus Library IFM Main Campus Library Work Room processing 07/25/2018 368 REJ 0000030241 08/22/2025 02/19/2022 Books   Non-fiction Donation
    Dewey Decimal Classification     IFM Main Campus Library IFM Main Campus Library Work Room processing 07/25/2018 368 REJ 0000030242 08/22/2025 02/19/2022 Books   Non-fiction Donation
    Dewey Decimal Classification     IFM Main Campus Library IFM Main Campus Library Work Room processing 07/25/2018 368 REJ 0000030243 08/22/2025 02/19/2022 Books   Non-fiction Donation